000 00826cab a2200265 4500
001 WB3319-35
008 090401t1997 xxu||||| |||| 00| 0 eng d
035 _a(Sirsi) u78361
041 _aeng
245 _aQueen`s speech boosts construction
260 _c1997
350 _a0
490 _aRICS Press Release
_v(pr50.cons) 14 May 1997, (3)
520 _aThe RICS welcomes moves to invest receipts from council house sales in to housebuilding and renovation, and the setting up of Regional Development Agencies.
650 _aCOUNCIL HOUSES
650 _aFREEDOM OF INFORMATION
650 _aHOUSE BUILDING
650 _aINWARD INVESTMENT
650 _aPROPERTY INFORMATION
650 _aQUEENS SPEECH
650 _aREGIONAL DEVELOPMENT AGENCIES
690 _aHOUSING
942 _n0
948 _c15/05/1997
999 _c49318
_d49318